Statistics for Montreal Canadiens general managers

Click here to take the quiz!

General Stats

  • This quiz has been taken 27 times
  • The average score is 8 of 15

Answer Stats

Hint Answer % Correct
2003 - 2010Bob Gainey
100%
2012 -Marc Bergevin
95%
2000 - 2003André Savard
90%
1935 - 1936Ernest Savard
90%
1983 - 1995Serge Savard
90%
1995 - 2000Réjean Houle
85%
1964 - 1978Sam Pollock
75%
2010 - 2012Pierre Gauthier
55%
1921 - 1935Leo Dandurand
45%
1946 - 1964Frank J. Selke
30%
1978 - 1983Irving Grundman
20%
1936 - 1939Cecil Hart
15%
1940 - 1946Tommy Gorman
5%
1917 - 1921George Kennedy
5%
1939 - 1940Jules Dugal
5%

Score Distribution

Percentile by Number Answered

Percent of People with Each Score

Your Score History

You have not taken this quiz